| 000 | 00385nam a22001457a 4500 | ||
|---|---|---|---|
| 020 | _a- | ||
| 082 | _a297 | ||
| 100 | _aIbn-e-Kaseer, Hafiz Abul Fida | ||
| 245 | _aTafseer Ibn-e-Kaseer (Vol-6) Urdu | ||
| 260 |
_aLahore (Pakistan) _bDarussalam _c- |
||
| 300 |
_a633 p. _bill. ; |
||
| 500 | _aIncludes index. | ||
| 650 | _a1.Al Quran-- Tarjama-- Urdu. 2.Al Quran-- Tafseer | ||
| 942 | _cBK | ||
| 999 |
_c12144 _d12144 |
||